[Event "IECC CL5-2020.05 email"]
[Site "IECC email"]
[Date "2020.12.03"]
[Round "?"]
[White "Cox, Malcolm"]
[Black "Kohler, Hans Christian"]
[Result "1/2-1/2"]
[WhiteElo "1405"]
[BlackElo "1521"]
[PlyCount "58"]
[EventDate "2020.??.??"]
[EventType "tourn (corr)"]
[EventRounds "4"]
[SourceTitle "Corr 2024"]
[Source "ChessBase"]
[SourceDate "2023.10.19"]
[SourceVersion "1"]
[SourceVersionDate "2023.10.19"]
[SourceQuality "1"]
[WhiteTeam "Frankreich"]
[BlackTeam "Deutschland"]
[WhiteTeamCountry "FRA"]
[BlackTeamCountry "GER"]

1. c4 Nf6 2. d4 g6 3. Nc3 d5 4. cxd5 Nxd5 5. e4 Nxc3 6. bxc3 Bg7 7. Bc4 0-0 8. Ne2 c5 9. 0-0 Nc6 10. Be3 Qc7 11. Rb1 Bg4 12. f3 Bd7 13. Bf4 e5 14. Bg3 cxd4 15. cxd4 Rad8 16. Bh4 Nxd4 17. Bxd8 Qxc4 18. Nxd4 exd4 19. Bh4 Ba4 20. Qc1 Qxc1 21. Rfxc1 Bh6 22. Rc4 b5 23. Rc7 d3 24. Kf1 g5 25. Be1 g4 26. Rb2 gxf3 27. gxf3 Bc2 28. Rcxc2 dxc2 29. Rxc2 Bf4 1/2-1/2

[Event "IECC CL5-2020.05 email"]
[Site "IECC email"]
[Date "2020.12.03"]
[Round "?"]
[White "Jara, Julio Cesar"]
[Black "Cox, Malcolm"]
[Result "1-0"]
[WhiteElo "1572"]
[BlackElo "1410"]
[PlyCount "35"]
[EventDate "2020.??.??"]
[EventType "tourn (corr)"]
[EventRounds "4"]
[SourceTitle "Corr 2024"]
[Source "ChessBase"]
[SourceDate "2023.10.19"]
[SourceVersion "1"]
[SourceVersionDate "2023.10.19"]
[SourceQuality "1"]
[WhiteTeam "Argentinien"]
[BlackTeam "Frankreich"]
[WhiteTeamCountry "ARG"]
[BlackTeamCountry "FRA"]

1. e4 c5 2. Nc3 Nc6 3. Bb5 Nd4 4. Bc4 e6 5. Nge2 Ne7 6. Nxd4 cxd4 7. Ne2 Nc6 8. 0-0 Be7 9. d3 0-0 10. Kh1 b6 11. f4 Bb7 12. Bb3 Rc8 13. f5 e5 14. Ng3 Kh8 15. Qg4 Qe8 16. f6 gxf6 17. Qh5 Na5 18. Nf5 1-0

[Event "IECC Swiss-577.4"]
[Site "IECC email"]
[Date "2017.08.09"]
[Round "?"]
[White "Netto, Alexandre Vasconcel"]
[Black "Cox, Malcolm"]
[Result "1-0"]
[WhiteElo "1299"]
[BlackElo "1351"]
[PlyCount "35"]
[EventDate "2017.??.??"]
[EventType "swiss (corr)"]
[EventRounds "1"]
[SourceTitle "Corr 2020"]
[Source "ChessBase"]
[SourceDate "2019.09.30"]
[SourceVersion "1"]
[SourceVersionDate "2019.09.30"]
[SourceQuality "1"]
[WhiteTeam "Brazil"]
[BlackTeam "France"]
[WhiteTeamCountry "BRA"]
[BlackTeamCountry "FRA"]

1. e4 c5 2. Nf3 Nc6 3. d4 cxd4 4. Nxd4 d5 5. Bb5 dxe4 6. Nc3 Bd7 7. Nxc6 bxc6 8. Ba4 Nf6 9. Qe2 Qa5 10. Bd2 e6 11. Qc4 Qb6 12. Nxe4 Nxe4 13. Qxe4 Be7 14. Bc3 0-0 15. Qg4 g6 16. 0-0-0 Rfd8 17. h4 h5 18. Qf4 1-0

[Event "IECC Swiss-577.2"]
[Site "IECC email"]
[Date "2016.09.11"]
[Round "?"]
[White "Cox, Malcolm"]
[Black "Mariani, Danilo"]
[Result "0-1"]
[WhiteElo "1343"]
[BlackElo "1490"]
[PlyCount "42"]
[EventDate "2016.??.??"]
[EventType "swiss (corr)"]
[EventRounds "1"]
[SourceTitle "Corr 2020"]
[Source "ChessBase"]
[SourceDate "2019.09.30"]
[SourceVersion "1"]
[SourceVersionDate "2019.09.30"]
[SourceQuality "1"]
[WhiteTeam "France"]
[BlackTeam "Italy"]
[WhiteTeamCountry "FRA"]
[BlackTeamCountry "ITA"]

1. c4 Nf6 2. d4 g6 3. Nc3 d5 4. Nf3 Bg7 5. Qb3 dxc4 6. Qxc4 0-0 7. e4 a6 8. Be2 b5 9. Qb3 c5 10. dxc5 Bb7 11. Qc2 b4 12. Na4 Bxe4 13. Qc4 Nc6 14. 0-0 Bd5 15. Qd3 e5 16. Qe3 Qe7 17. h3 Nd7 18. Nb6 Nxb6 19. cxb6 e4 20. Nd2 Bd4 21. Qf4 e3 0-1

[Event "P-4846"]
[Site "IECC email"]
[Date "2013.07.22"]
[Round "?"]
[White "Maksimov, Maxim Evgenyevich"]
[Black "Cox, Malcolm"]
[Result "0-1"]
[WhiteElo "1346"]
[BlackElo "1319"]
[PlyCount "80"]
[EventDate "2013.??.??"]
[EventType "tourn (corr)"]
[SourceTitle "Telechess CBM 165"]
[Source "ChessBase"]
[SourceDate "2015.03.11"]
[SourceVersion "1"]
[SourceVersionDate "2015.03.11"]
[SourceQuality "1"]
[WhiteTeam "Russia"]
[BlackTeam "France"]
[WhiteTeamCountry "RUS"]
[BlackTeamCountry "FRA"]

1. e4 e5 2. Nf3 Nf6 3. d3 Nc6 4. Be3 d5 5. Nbd2 Ng4 6. h3 Nxe3 7. fxe3 Be6 8. exd5 Bxd5 9. e4 Be6 10. Be2 Bc5 11. Nb3 Bxb3 12. axb3 0-0 13. Qd2 Qf6 14. c3 a5 15. Rf1 Qe6 16. Bd1 h6 17. Bc2 Rad8 18. 0-0-0 b5 19. d4 exd4 20. cxd4 Bxd4 21. Qe2 Rd6 22. Rd2 Rfd8 23. Rfd1 b4 24. Rd3 Ne5 25. Rxd4 Nxf3 26. Rxd6 cxd6 27. Qxf3 Qc8 28. Rd5 Qc7 29. Kb1 Re8 30. Qd3 g6 31. Rxd6 Qc5 32. Rd4 Qc6 33. Qe2 Kg7 34. g4 Qc5 35. Rd5 Qxd5 36. exd5 Rxe2 37. Bd1 Rh2 38. h4 Rxh4 39. d6 Kf6 40. d7 Ke7 0-1

[Event "IECC KO-2114"]
[Site "IECC email"]
[Date "2012.08.15"]
[Round "?"]
[White "Cox, Malcolm"]
[Black "Philips, Justin"]
[Result "0-1"]
[WhiteElo "1329"]
[BlackElo "1858"]
[PlyCount "50"]
[EventDate "2011.??.??"]
[EventType "match (corr)"]
[EventRounds "2"]
[SourceTitle "Telechess CBM 165"]
[Source "ChessBase"]
[SourceDate "2015.03.11"]
[SourceVersion "1"]
[SourceVersionDate "2015.03.11"]
[SourceQuality "1"]
[WhiteTeam "France"]
[BlackTeam "India"]
[WhiteTeamCountry "FRA"]
[BlackTeamCountry "IND"]

1. e4 d6 2. d4 Nf6 3. Nc3 g6 4. f4 Bg7 5. Nf3 0-0 6. Bd3 Nc6 7. e5 Ne8 8. Be3 Nb4 9. Bc4 Bf5 10. Bb3 c6 11. a3 Nd5 12. Bxd5 cxd5 13. Nxd5 Rc8 14. Nc3 Qb6 15. Rb1 Nc7 16. exd6 exd6 17. 0-0 Rfe8 18. Bf2 Nb5 19. Nd5 Qc6 20. Ne3 Rxe3 21. Bxe3 Bxc2 22. Qc1 Bxb1 23. Qxc6 Rxc6 24. Rxb1 d5 25. Rf1 Nd6 0-1